00435nam a2200181Ia 4500003000400000005001700004008004100021020001800062040000700080041000800087082001700095100001900112245003200131260004800163300000900211650001400220700001900234OSt20250822163030.0250729s2005 xx 000 0 und d a9788171418121 cAL aeng a371.333 RAOM aRao Digumurthi aMethods of teacher training aNew DelhibDiscovery Publishing Housec2005 a461p aEducation aRao Ranga Ravi